[Event "SRI-ch"]
[Site "Colombo"]
[Date "2013.10.07"]
[Round "13"]
[White "Kandearachchi, Niranga"]
[Black "Gunasinghe, WATS"]
[Result "1-0"]
[WhiteElo "1930"]
[BlackElo "1929"]
[PlyCount "95"]
[EventDate "2013.09.27"]
[EventType "tourn"]
[EventRounds "13"]
[EventCountry "SRI"]
[SourceTitle "CBM 156 Extra"]
[Source "ChessBase"]
[SourceDate "2013.10.22"]
[SourceVersion "1"]
[SourceVersionDate "2013.10.22"]
[SourceQuality "1"]

1. c4 Nf6 2. Nc3 d5 3. cxd5 Nxd5 4. g3 Nxc3 5. bxc3 g6 6. Bg2 Bg7 7. Nf3 0-0 8. 0-0 c5 9. Qc2 Qc7 10. d3 Nc6 11. Ba3 Qa5 12. Bb2 Rd8 13. Rfd1 Bg4 14. h3 Bd7 15. Nd2 Qc7 16. Rab1 Rac8 17. Ba3 b6 18. Nc4 Be6 19. Ne3 h5 20. Bc1 Qd7 21. Kh2 h4 22. Nf1 hxg3+ 23. Nxg3 Bf6 24. Qd2 Bg7 25. Rg1 Ne5 26. f4 Nc4 27. Qe1 Nd6 28. e4 Bxa2 29. Rb2 Be6 30. f5 gxf5 31. Nh5 Ne8 32. Bf3 f4 33. Bxf4 Qxd3 34. Qg3 Qxc3 35. Rbg2 Rd3 36. Nxg7 Rxf3 37. Nxe6+ Rxg3 38. Rxg3+ Qxg3+ 39. Rxg3+ Kh8 40. Ng5 f6 41. Ne6 Rc6 42. Nf8 e5 43. Bc1 b5 44. h4 Ng7 45. Nd7 Nh5 46. Rg6 Ng7 47. Nxf6 Nh5 48. Rg8# 1-0

[Event "SRI-ch"]
[Site "Colombo"]
[Date "2013.10.06"]
[Round "11"]
[White "Galappaththi, Chinthaka Anuruddh"]
[Black "Gunasinghe, WATS"]
[Result "1-0"]
[WhiteElo "2156"]
[BlackElo "1929"]
[PlyCount "157"]
[EventDate "2013.09.27"]
[EventType "tourn"]
[EventRounds "13"]
[EventCountry "SRI"]
[SourceTitle "CBM 156 Extra"]
[Source "ChessBase"]
[SourceDate "2013.10.22"]
[SourceVersion "1"]
[SourceVersionDate "2013.10.22"]
[SourceQuality "1"]

1. Nf3 d5 2. d4 e6 3. e3 f5 4. Bd3 Nf6 5. 0-0 Bd6 6. c4 c6 7. b3 Qe7 8. Bb2 0-0 9. Nbd2 Ne4 10. Ne5 Nd7 11. f4 Nxe5 12. fxe5 Ba3 13. Bxa3 Qxa3 14. Bxe4 fxe4 15. Rxf8+ Qxf8 16. Qe2 Bd7 17. Rf1 Qe7 18. Qf2 a5 19. c5 Be8 20. Nb1 a4 21. bxa4 Rxa4 22. Qc2 Ra6 23. Nc3 Bh5 24. Rb1 Ra8 25. Qb2 Qg5 26. Re1 Qh4 27. Rf1 Qe7 28. h3 h6 29. a4 Rf8 30. Rxf8+ Kxf8 31. Qf2+ Kg8 32. Qe1 Qc7 33. Na2 Kf8 34. Kh2 Ke8 35. a5 Kf8 36. g4 Be8 37. Kg3 Kg8 38. Nc1 g5 39. Nb3 Qf7 40. Qf2 Qxf2+ 41. Kxf2 Kf7 42. Na1 Ke7 43. Kg3 h5 44. h4 gxh4+ 45. Kxh4 hxg4 46. Kxg4 Bg6 47. Nc2 Bf5+ 48. Kh4 Kd7 49. Nb4 Bh7 50. a6 bxa6 51. Nxa6 Bf5 52. Nb4 Bh7 53. Kg5 Bf5 54. Na2 Ke7 55. Nc3 Bh3 56. Kg6 Bg4 57. Kg5 Bf3 58. Na4 Be2 59. Kg6 Bb5 60. Nc3 Bf1 61. Nd1 Bh3 62. Nf2 Bf5+ 63. Kg7 Ke8 64. Kf6 Kd7 65. Kf7 Kd8 66. Nh1 Bh3 67. Ng3 Bg4 68. Kg6 Ke7 69. Nh5 Bf5+ 70. Kg7 Bh3 71. Nf6 Bf5 72. Nh5 Bh3 73. Nf4 Bg4 74. Ng6+ Ke8 75. Kf6 Bf5 76. Ne7 Kd7 77. Nxf5 exf5 78. Kxf5 Ke7 79. e6 1-0

[Event "SRI-ch"]
[Site "Colombo"]
[Date "2013.10.04"]
[Round "8"]
[White "Gunasinghe, WATS"]
[Black "De Silva, Osheen"]
[Result "1/2-1/2"]
[WhiteElo "1929"]
[BlackElo "1887"]
[PlyCount "90"]
[EventDate "2013.09.27"]
[EventType "tourn"]
[EventRounds "13"]
[EventCountry "SRI"]
[SourceTitle "CBM 156 Extra"]
[Source "ChessBase"]
[SourceDate "2013.10.22"]
[SourceVersion "1"]
[SourceVersionDate "2013.10.22"]
[SourceQuality "1"]

1. e4 c5 2. Nc3 d6 3. f4 g6 4. Nf3 Bg7 5. Bc4 e6 6. 0-0 Ne7 7. d3 0-0 8. Qe1 Nbc6 9. Qh4 d5 10. Bb3 f5 11. e5 a6 12. a4 b6 13. Ne2 Na5 14. Bd2 Nxb3 15. cxb3 a5 16. d4 Nc6 17. Qh3 Qe7 18. Bc3 Ba6 19. Rfe1 Rfc8 20. g4 fxg4 21. Qxg4 Bd3 22. h4 Bf5 23. Qg3 Ra7 24. Qf2 h6 25. Bd2 Bg4 26. dxc5 bxc5 27. Nh2 Bf5 28. Ng3 Qxh4 29. Nxf5 Qxf2+ 30. Kxf2 gxf5 31. Nf3 Rb7 32. Re3 Rcb8 33. Ra3 Bf8 34. Ke2 c4 35. bxc4 Bxa3 36. bxa3 d4 37. Rd3 Rb3 38. Nxd4 Rxd3 39. Kxd3 Nxd4 40. Kxd4 Rd8+ 41. Ke3 Rb8 42. c5 Kf7 43. Bxa5 Rb3+ 44. Kd2 Rxa3 45. Bb4 Rxa4 1/2-1/2

[Event "SRI-ch"]
[Site "Colombo"]
[Date "2013.09.29"]
[Round "5"]
[White "Gunasinghe, WATS"]
[Black "Kavinda, Akila"]
[Result "1/2-1/2"]
[WhiteElo "1929"]
[BlackElo "2014"]
[PlyCount "131"]
[EventDate "2013.09.27"]
[EventType "tourn"]
[EventRounds "13"]
[EventCountry "SRI"]
[SourceTitle "CBM 156 Extra"]
[Source "ChessBase"]
[SourceDate "2013.10.22"]
[SourceVersion "1"]
[SourceVersionDate "2013.10.22"]
[SourceQuality "1"]

1. e4 c5 2. Nf3 d6 3. d4 cxd4 4. Nxd4 Nf6 5. Nc3 a6 6. Bg5 e6 7. f4 h6 8. Bh4 Qb6 9. Qd2 Qxb2 10. Rb1 Qa3 11. f5 Be7 12. fxe6 Bxe6 13. Nxe6 fxe6 14. Bf2 0-0 15. Bc4 d5 16. exd5 Ng4 17. Bd4 Bg5 18. Qd3 e5 19. Bb6 Nd7 20. d6+ Kh8 21. Ne4 Qxd3 22. Bxd3 Rac8 23. Nxg5 hxg5 24. h4 e4 25. hxg5+ Kg8 26. Be2 Nge5 27. Bc7 b5 28. Rb4 Rf5 29. Rxe4 Rxg5 30. Reh4 Kf7 31. Bf3 Nxf3+ 32. gxf3 Re8+ 33. Kf2 Rc5 34. Rf4+ Kg8 35. Rc1 Rc3 36. Re4 Rxe4 37. fxe4 Kf7 38. Ke2 Ke6 39. Kd2 Rg3 40. c4 bxc4 41. Rxc4 Rg2+ 42. Ke3 Rxa2 43. Rd4 Ra3+ 44. Rd3 Rxd3+ 45. Kxd3 g5 46. Kd4 g4 47. Ke3 Ke5 48. Kd3 Kf4 49. Bd8 g3 50. Bh4 g2 51. Bf2 Kf3 52. Bg1 a5 53. Kd4 a4 54. Kc4 Kxe4 55. Kb4 Kd5 56. Kxa4 Kxd6 57. Kb4 Kd5 58. Kc3 Ke4 59. Kd2 Kf3 60. Ke1 Ne5 61. Kd1 Ng4 62. Kd2 Ne5 63. Ke1 Kg3 64. Ke2 Nf3 65. Bf2+ Kh2 66. Ba7 1/2-1/2

[Event "Ambalangoda Dhamso op 2nd"]
[Site "Ambalangoda"]
[Date "2012.04.21"]
[Round "6"]
[White "De Moraes, Shamine"]
[Black "Gunasinghe, WATS"]
[Result "1/2-1/2"]
[WhiteElo "1858"]
[BlackElo "1920"]
[PlyCount "24"]
[EventDate "2012.04.19"]
[EventType "swiss"]
[EventRounds "9"]
[EventCountry "SRI"]
[SourceTitle "CBM 148 Extra"]
[Source "ChessBase"]
[SourceDate "2012.06.22"]
[SourceVersion "1"]
[SourceVersionDate "2012.06.22"]
[SourceQuality "1"]

1. d4 Nf6 2. c4 g6 3. Nc3 d5 4. Bf4 Bg7 5. Rc1 0-0 6. e3 dxc4 7. Bxc4 c5 8. Nf3 cxd4 9. exd4 Nh5 10. Be3 Nc6 11. 0-0 Bg4 12. Be2 Nf6 1/2-1/2